00813nam a22002057a 450000500170000000700150001700800410003202000220007303500100009504000090010510000200011424500740013425600240020826000540023230000280028650601600031465000540047474000380052885600410056620240305165557.0cr|||| |||| 210217s2012 us |||||s|||| 00||0 eng d a978-1-78052-914-1 a31978 avLex1 aDeflem, Mathieu10aDisasters, Hazards and Lawh[Recurso electrónico] /cMathieu Deflem aServicio en línea aBingley:bEmerald Group Publishing Limited,c2012 a1 recurso electrónico1 aDisponible solo en los productos indicadosdvLex GlobaldvLex Global (Academic Edition, excluding Law Schools)dvLex Global (Academic Edition, Law Schools)04aGestión de riesgos y accidenteszEstados Unidos0 avLex Libros (Servicio en línea)40uhttps://app.vlex.com/#/sources/31978